000 00351cam a2200145ua 4500
003 OSt
008 250108b |||||||| |||| 00| 0 eng d
041 _aeng
082 _a621.384
_bSCR/FO
100 _aScroggie, M G .
_96861
245 _aFoundations of wireless /
260 _a :
_bLow Priced Text Book ,
_c1958.
300 _a388 ; .
942 _cBK
999 _c7068
_d7068